[Event "HUN-chT2 Barcza 1819"]
[Site "Hungary"]
[Date "2019.03.31"]
[Round "10.4"]
[White "Ballai, Zsolt"]
[Black "Juhasz, Bela"]
[Result "1/2-1/2"]
[WhiteElo "2271"]
[BlackElo "2093"]
[PlyCount "35"]
[EventDate "2018.09.23"]
[EventType "team-tourn"]
[EventRounds "11"]
[EventCountry "HUN"]
[SourceTitle "EXT 2021"]
[Source "ChessBase"]
[SourceDate "2020.10.23"]
[SourceVersion "1"]
[SourceVersionDate "2020.10.23"]
[SourceQuality "1"]
[WhiteTeam "Hajduboszormeny"]
[BlackTeam "Edeleny"]
[WhiteTeamCountry "HUN"]
[BlackTeamCountry "HUN"]

1. d4 Nf6 2. c4 g6 3. Nc3 d5 4. cxd5 Nxd5 5. e4 Nxc3 6. bxc3 Bg7 7. Nf3 c5 8. Rb1 0-0 9. Be2 Nc6 10. d5 Na5 11. c4 e5 12. 0-0 b6 13. Bb2 f6 14. Nd2 Nb7 15. a4 Bd7 16. Bc3 Qc7 17. Ra1 a5 18. Bg4 1/2-1/2

[Event "HUN-chT2 Barcza 1819"]
[Site "Hungary"]
[Date "2018.10.28"]
[Round "3.4"]
[White "Ballai, Zsolt"]
[Black "Kiripolszky, Tamas"]
[Result "1-0"]
[WhiteElo "2271"]
[BlackElo "1842"]
[PlyCount "81"]
[EventDate "2018.09.23"]
[EventType "team-tourn"]
[EventRounds "11"]
[EventCountry "HUN"]
[SourceTitle "CBM 189 Extra"]
[Source "ChessBase"]
[SourceDate "2019.06.03"]
[SourceVersion "1"]
[SourceVersionDate "2019.06.03"]
[SourceQuality "1"]
[WhiteTeam "Hajduboszormeny"]
[BlackTeam "Hajduszoboszlo"]
[WhiteTeamCountry "HUN"]
[BlackTeamCountry "HUN"]

1. d4 d5 2. c4 e5 3. dxe5 d4 4. Nf3 Nc6 5. g3 Bf5 6. a3 a5 7. Bg5 Be7 8. Bxe7 Ngxe7 9. Nbd2 a4 10. Bg2 Qd7 11. 0-0 d3 12. exd3 Bxd3 13. Re1 Nf5 14. Bh3 Qe7 15. Ne4 Bxe4 16. Rxe4 Nh6 17. Qc2 0-0 18. Rd1 f5 19. exf6 Qxf6 20. Rf4 Qe7 21. Rd7 Qc5 22. Qc3 Nf7 23. Rf5 Qb6 24. Rb5 Qa6 25. Rxc7 Rab8 26. Be6 Ncd8 27. Bd5 Qd6 28. Qa5 Kh8 29. Qb6 Qf6 30. Qxf6 gxf6 31. Rb6 Kg7 32. Nd4 Re8 33. Nf5+ Kg6 34. Ne3 h5 35. Bxf7+ Nxf7 36. Nd5 Re1+ 37. Kg2 Rf8 38. Rxf6+ Kg7 39. Rxb7 Rc1 40. Rf4 Kg6 41. h4 1-0

[Event "HUN-chT2 Barcza 1718"]
[Site "Hungary"]
[Date "2018.05.06"]
[Round "11.2"]
[White "Ballai, Zsolt"]
[Black "Nagy, Sandor I"]
[Result "1/2-1/2"]
[WhiteElo "2271"]
[BlackElo "2122"]
[PlyCount "37"]
[EventDate "2017.09.24"]
[EventType "team-tourn"]
[EventRounds "11"]
[EventCountry "HUN"]
[SourceTitle "EXT 2021"]
[Source "ChessBase"]
[SourceDate "2020.10.23"]
[SourceVersion "1"]
[SourceVersionDate "2020.10.23"]
[SourceQuality "1"]
[WhiteTeam "Hajduboszormeny"]
[BlackTeam "Debrecen Sakkiskola II"]
[WhiteTeamCountry "HUN"]
[BlackTeamCountry "HUN"]

1. d4 Nf6 2. c4 e6 3. Nc3 Bb4 4. Nf3 b6 5. g3 Bb7 6. Bg2 0-0 7. 0-0 d5 8. cxd5 exd5 9. Bf4 c6 10. Rc1 Re8 11. a3 Bxc3 12. Rxc3 Nbd7 13. Re1 a5 14. Rc1 c5 15. dxc5 bxc5 16. Nh4 Qb6 17. Nf5 Ne5 18. Qc2 Rac8 19. Red1 1/2-1/2

[Event "HUN-chT2 Barcza 1718"]
[Site "Hungary"]
[Date "2018.03.25"]
[Round "10.3"]
[White "Ballai, Zsolt"]
[Black "Burinda, Gabor Jr"]
[Result "1-0"]
[WhiteElo "2271"]
[BlackElo "1937"]
[PlyCount "107"]
[EventDate "2017.09.24"]
[EventType "team-tourn"]
[EventRounds "11"]
[EventCountry "HUN"]
[SourceTitle "EXT 2021"]
[Source "ChessBase"]
[SourceDate "2020.10.23"]
[SourceVersion "1"]
[SourceVersionDate "2020.10.23"]
[SourceQuality "1"]
[WhiteTeam "Hajduboszormeny"]
[BlackTeam "Kazincbarcika"]
[WhiteTeamCountry "HUN"]
[BlackTeamCountry "HUN"]

1. d4 d5 2. c4 e6 3. Nc3 c6 4. e4 dxe4 5. Nxe4 Bb4+ 6. Nc3 Nf6 7. a3 Ba5 8. Nf3 Ne4 9. Qc2 Nxc3 10. bxc3 h6 11. Bd3 Nd7 12. 0-0 Nf6 13. Re1 0-0 14. Ne5 c5 15. dxc5 Qc7 16. a4 Nd7 17. Nxd7 Bxd7 18. Re3 Kh8 19. Rg3 Qe5 20. Bxh6 gxh6 21. Qd2 Qf6 22. Bg6 Qg7 23. Be4 Bxc3 24. Rxc3 f5 25. Bxb7 Rab8 26. c6 Bc8 27. Rb1 Bxb7 28. cxb7 Rfd8 29. Qxd8+ Rxd8 30. b8Q Rxb8 31. Rxb8+ Kh7 32. Rbb3 Qd7 33. Rb1 Qxa4 34. c5 Qc6 35. h3 Kg6 36. Rd1 Kf6 37. Rd6 Qe4 38. Rc1 Qb4 39. c6 Qf4 40. Rdd1 Qc7 41. Rd7 Qf4 42. Rdd1 Qc7 43. g3 f4 44. gxf4 a5 45. Rc4 e5 46. Rd7 Qc8 47. fxe5+ Kxe5 48. c7 Qg8+ 49. Rg4 Qc8 50. Rgg7 Qb7 51. Rge7+ Kf4 52. Re8 Qb1+ 53. Kh2 Qb2 54. Rf7+ 1-0

[Event "HUN-chT2 Barcza 1718"]
[Site "Hungary"]
[Date "2018.03.04"]
[Round "9.2"]
[White "Ballai, Zsolt"]
[Black "Somodi, Krisztian"]
[Result "1-0"]
[WhiteElo "2271"]
[BlackElo "2013"]
[PlyCount "67"]
[EventDate "2017.09.24"]
[EventType "team-tourn"]
[EventRounds "11"]
[EventCountry "HUN"]
[SourceTitle "EXT 2021"]
[Source "ChessBase"]
[SourceDate "2020.10.23"]
[SourceVersion "1"]
[SourceVersionDate "2020.10.23"]
[SourceQuality "1"]
[WhiteTeam "Hajduboszormeny"]
[BlackTeam "Hajduszoboszlo"]
[WhiteTeamCountry "HUN"]
[BlackTeamCountry "HUN"]

1. d4 d5 2. c4 e5 3. dxe5 d4 4. Nf3 Nc6 5. g3 Be6 6. Nbd2 Qd7 7. a3 Nge7 8. Bg2 Ng6 9. Qa4 Be7 10. 0-0 Rd8 11. b4 h5 12. b5 Ncxe5 13. Nxe5 Nxe5 14. Bxb7 d3 15. e3 Kf8 16. Bb2 Ng4 17. Bc6 Qc8 18. Nf3 h4 19. Rad1 hxg3 20. hxg3 Nf6 21. Qa6 Qxa6 22. bxa6 Bxc4 23. Rd2 Bxa6 24. Bd4 Rd6 25. Ne5 Ne8 26. Rb1 Rd8 27. Nxd3 Rh6 28. Ne5 Rhd6 29. Rdb2 Kg8 30. Rb8 Bc8 31. Rc1 f6 32. Ng6 Kf7 33. Nxe7 Kxe7 34. Bc5 1-0

[Event "HUN-chT2 Barcza 1718"]
[Site "Hungary"]
[Date "2017.12.03"]
[Round "5.3"]
[White "Vodila, Martin Botond"]
[Black "Ballai, Zsolt"]
[Result "1/2-1/2"]
[WhiteElo "2150"]
[BlackElo "2271"]
[PlyCount "44"]
[EventDate "2017.09.24"]
[EventType "team-tourn"]
[EventRounds "11"]
[EventCountry "HUN"]
[SourceTitle "EXT 2021"]
[Source "ChessBase"]
[SourceDate "2020.10.23"]
[SourceVersion "1"]
[SourceVersionDate "2020.10.23"]
[SourceQuality "1"]
[WhiteTeam "Edeleny"]
[BlackTeam "Hajduboszormeny"]
[WhiteTeamCountry "HUN"]
[BlackTeamCountry "HUN"]

1. e4 c5 2. Nf3 d6 3. d4 cxd4 4. Qxd4 Nc6 5. Bb5 Qd7 6. Qa4 Qc7 7. Nc3 Bd7 8. Be3 e6 9. 0-0-0 Nf6 10. Rhe1 Be7 11. Bf4 Ng4 12. h3 Nge5 13. Bxe5 dxe5 14. Rxd7 Kxd7 15. Nd5 exd5 16. exd5 Bf6 17. dxc6+ bxc6 18. Rd1+ Ke7 19. Qa3+ Ke8 20. Qc5 Rc8 21. Ba4 Qe7 22. Qc4 Kf8 1/2-1/2

[Event "HUN-chT2 Barcza 1617"]
[Site "Hungary"]
[Date "2017.02.12"]
[Round "8.2"]
[White "Ballai, Zsolt"]
[Black "Barva, Attila"]
[Result "1/2-1/2"]
[WhiteElo "2272"]
[BlackElo "2373"]
[PlyCount "26"]
[EventDate "2016.09.25"]
[EventType "team-tourn"]
[EventRounds "11"]
[EventCountry "HUN"]
[SourceTitle "EXT 2021"]
[Source "ChessBase"]
[SourceDate "2020.10.23"]
[SourceVersion "1"]
[SourceVersionDate "2020.10.23"]
[SourceQuality "1"]
[WhiteTeam "Hajduboszormeny"]
[BlackTeam "Edeleny"]
[WhiteTeamCountry "HUN"]
[BlackTeamCountry "HUN"]

1. d4 Nf6 2. c4 c5 3. d5 b5 4. cxb5 a6 5. b6 a5 6. Nc3 Ba6 7. Nf3 d6 8. e4 Bxf1 9. Kxf1 Nbd7 10. g3 g6 11. Kg2 Bg7 12. Re1 0-0 13. h3 Nxb6 1/2-1/2

[Event "HUN-chT2 Barcza 1617"]
[Site "Hungary"]
[Date "2016.11.13"]
[Round "4.3"]
[White "Ballai, Zsolt"]
[Black "Karolyfalvi, Zoltan"]
[Result "1-0"]
[WhiteElo "2272"]
[BlackElo "2122"]
[PlyCount "85"]
[EventDate "2016.09.25"]
[EventType "team-tourn"]
[EventRounds "11"]
[EventCountry "HUN"]
[SourceTitle "EXT 2021"]
[Source "ChessBase"]
[SourceDate "2020.10.23"]
[SourceVersion "1"]
[SourceVersionDate "2020.10.23"]
[SourceQuality "1"]
[WhiteTeam "Hajduboszormeny"]
[BlackTeam "Kazincbarcika"]
[WhiteTeamCountry "HUN"]
[BlackTeamCountry "HUN"]

1. d4 d5 2. c4 Nf6 3. cxd5 Qxd5 4. Nc3 Qa5 5. Bd2 Qb6 6. e3 Bf5 7. Na4 Qd6 8. Qb3 b6 9. f3 Bd7 10. Nc3 c6 11. Nge2 e5 12. dxe5 Qxe5 13. e4 Bc5 14. f4 Qe7 15. e5 Ng4 16. Ne4 Be6 17. Qg3 0-0 18. Nxc5 Qxc5 19. Rc1 Qd5 20. Nc3 Qd4 21. Rd1 Nh6 22. Bc1 Qb4 23. Bd3 Bg4 24. Rd2 Qe7 25. 0-0 Nd7 26. Be4 f6 27. Rdf2 Rac8 28. e6 Bxe6 29. f5 Bc4 30. Bxh6 Bxf1 31. Rxf1 Nc5 32. Bc2 Rfe8 33. Bf4 Rcd8 34. b4 Nb7 35. a3 a5 36. bxa5 Nxa5 37. Ne4 Rd4 38. Nd6 Rd8 39. Re1 Qd7 40. Re6 Kh8 41. Qe3 c5 42. Re7 Qc6 43. Qg3 1-0

[Event "HUN-chT2 Barcza 1617"]
[Site "Hungary"]
[Date "2016.09.25"]
[Round "1.3"]
[White "Horvath, Karoly"]
[Black "Ballai, Zsolt"]
[Result "0-1"]
[WhiteElo "2129"]
[BlackElo "2272"]
[PlyCount "52"]
[EventDate "2016.09.25"]
[EventType "team-tourn"]
[EventRounds "11"]
[EventCountry "HUN"]
[SourceTitle "EXT 2021"]
[Source "ChessBase"]
[SourceDate "2020.10.23"]
[SourceVersion "1"]
[SourceVersionDate "2020.10.23"]
[SourceQuality "1"]
[WhiteTeam "Debrecen Sakkbaratok"]
[BlackTeam "Hajduboszormeny"]
[WhiteTeamCountry "HUN"]
[BlackTeamCountry "HUN"]

1. d4 Nf6 2. Nc3 d5 3. e4 dxe4 4. f3 exf3 5. Nxf3 Bg4 6. h3 Bf5 7. g4 Bg6 8. Ne5 Nbd7 9. Qf3 c6 10. Bg2 Nxe5 11. dxe5 Nd7 12. e6 fxe6 13. 0-0 Qb6+ 14. Be3 Qxb2 15. Ne2 e5 16. Rab1 Qxc2 17. Rxb7 e4 18. Qf2 e5 19. Rc1 Qa4 20. Ng3 Ba3 21. Qd2 0-0-0 22. Rcb1 Nb6 23. R7xb6 Rxd2 24. Rb8+ Kd7 25. R8b7+ Ke6 26. Bxd2 Qd4+ 0-1

[Event "HUN-chT2 Barcza 1516"]
[Site "Hungary"]
[Date "2015.11.08"]
[Round "4.3"]
[White "Ballai, Zsolt"]
[Black "Tiba, Vladyslav"]
[Result "1/2-1/2"]
[WhiteElo "2266"]
[BlackElo "2225"]
[PlyCount "25"]
[EventDate "2015.09.13"]
[EventType "team-tourn"]
[EventRounds "11"]
[EventCountry "HUN"]
[SourceTitle "CBM 170 Extra"]
[Source "ChessBase"]
[SourceDate "2016.02.25"]
[SourceVersion "1"]
[SourceVersionDate "2016.02.25"]
[SourceQuality "1"]
[WhiteTeam "Hajduboszormeny"]
[BlackTeam "Nyiregyhaza"]
[WhiteTeamCountry "HUN"]
[BlackTeamCountry "HUN"]

1. d4 d5 2. c4 dxc4 3. Nf3 Nf6 4. e3 e6 5. Bxc4 a6 6. 0-0 c5 7. dxc5 Bxc5 8. Qxd8+ Kxd8 9. a3 Ke7 10. b4 Bd6 11. Bb2 Nbd7 12. Nbd2 b5 13. Be2 1/2-1/2

[Event "HUN-chT2 Barcza 1516"]
[Site "Hungary"]
[Date "2015.10.18"]
[Round "3.3"]
[White "Ballai, Zsolt"]
[Black "Herczeg, Tibor"]
[Result "1/2-1/2"]
[WhiteElo "2285"]
[BlackElo "2103"]
[PlyCount "33"]
[EventDate "2015.09.13"]
[EventType "team-tourn"]
[EventRounds "11"]
[EventCountry "HUN"]
[SourceTitle "CBM 170 Extra"]
[Source "ChessBase"]
[SourceDate "2016.02.25"]
[SourceVersion "1"]
[SourceVersionDate "2016.02.25"]
[SourceQuality "1"]
[WhiteTeam "Hajduboszormeny"]
[BlackTeam "SSASSE"]
[WhiteTeamCountry "HUN"]
[BlackTeamCountry "HUN"]

1. d4 d5 2. c4 e6 3. Nc3 Nf6 4. cxd5 exd5 5. Bg5 Be7 6. Qc2 c6 7. e3 0-0 8. Bd3 h6 9. Bf4 Bd6 10. Nge2 Re8 11. 0-0-0 b5 12. h3 Na6 13. g4 Nb4 14. Qd2 Nxd3+ 15. Qxd3 Ne4 16. Nxe4 dxe4 17. Qc2 1/2-1/2

[Event "HUN-chT2 Maroczy 1314"]
[Site "Hungary"]
[Date "2014.03.02"]
[Round "8"]
[White "Ballai, Zsolt"]
[Black "Szeberenyi, Adam"]
[Result "1/2-1/2"]
[WhiteElo "2287"]
[BlackElo "2320"]
[PlyCount "21"]
[EventDate "2013.09.08"]
[EventType "team-tourn"]
[EventRounds "11"]
[EventCountry "HUN"]
[SourceTitle "EXT 2016"]
[Source "ChessBase"]
[SourceDate "2015.10.08"]
[SourceVersion "1"]
[SourceVersionDate "2015.10.08"]
[SourceQuality "1"]
[WhiteTeam "Hajduboszormeny"]
[BlackTeam "Penzugyor II"]
[WhiteTeamCountry "HUN"]
[BlackTeamCountry "HUN"]

1. d4 Nf6 2. c4 g6 3. Nc3 d5 4. cxd5 Nxd5 5. e4 Nxc3 6. bxc3 Bg7 7. Nf3 c5 8. Rb1 0-0 9. Be2 cxd4 10. cxd4 Qa5+ 11. Qd2 1/2-1/2

[Event "HUN-chT2 Maroczy 1314"]
[Site "Hungary"]
[Date "2013.10.20"]
[Round "3"]
[White "Szajbely, Zsigmond"]
[Black "Ballai, Zsolt"]
[Result "1/2-1/2"]
[WhiteElo "2183"]
[BlackElo "2287"]
[PlyCount "68"]
[EventDate "2013.09.08"]
[EventType "team-tourn"]
[EventRounds "11"]
[EventCountry "HUN"]
[SourceTitle "EXT 2016"]
[Source "ChessBase"]
[SourceDate "2015.10.08"]
[SourceVersion "1"]
[SourceVersionDate "2015.10.08"]
[SourceQuality "1"]
[WhiteTeam "Szeged Maroczy"]
[BlackTeam "Hajduboszormeny"]
[WhiteTeamCountry "HUN"]
[BlackTeamCountry "HUN"]

1. e4 c5 2. Nf3 d6 3. d4 cxd4 4. Nxd4 Nf6 5. Nc3 a6 6. h3 e5 7. Nde2 Be6 8. g4 h6 9. Bg2 Nbd7 10. 0-0 Rc8 11. Be3 Qc7 12. a4 Be7 13. Qd2 0-0 14. a5 Bc4 15. Rfc1 Rfe8 16. Ng3 Bf8 17. Na4 d5 18. Bb6 Qb8 19. b3 Bb5 20. exd5 Bxa4 21. Rxa4 Nxb6 22. axb6 Bc5 23. Nf5 e4 24. Rd1 Nxd5 25. Rxe4 Rxe4 26. Bxe4 Nf4 27. Bg2 Re8 28. Re1 Ne6 29. Qc3 Qf4 30. Qf3 Qb4 31. Rf1 Nd8 32. h4 Qxb6 33. Qd5 Re2 34. Kh1 Ne6 1/2-1/2

[Event "HUN-chT2 Maroczy 1314"]
[Site "Hungary"]
[Date "2013.08.22"]
[Round "2"]
[White "Ballai, Zsolt"]
[Black "To, Nhat Minh"]
[Result "0-1"]
[WhiteElo "2287"]
[BlackElo "2266"]
[PlyCount "88"]
[EventDate "2013.09.08"]
[EventType "team-tourn"]
[EventRounds "11"]
[EventCountry "HUN"]
[SourceTitle "EXT 2016"]
[Source "ChessBase"]
[SourceDate "2015.10.08"]
[SourceVersion "1"]
[SourceVersionDate "2015.10.08"]
[SourceQuality "1"]
[WhiteTeam "Hajduboszormeny"]
[BlackTeam "Szigetszentmiklos"]
[WhiteTeamCountry "HUN"]
[BlackTeamCountry "HUN"]

1. d4 Nf6 2. c4 c5 3. d5 e6 4. Nc3 exd5 5. cxd5 d6 6. e4 g6 7. f4 Bg7 8. Bb5+ Nfd7 9. a4 Na6 10. Nf3 Nb4 11. 0-0 a6 12. Be2 0-0 13. Nd2 f5 14. Nc4 Bd4+ 15. Kh1 Nf6 16. Nxd6 Qxd6 17. e5 Qd8 18. exf6 Qxf6 19. Qb3 Bd7 20. Bd2 Rfe8 21. Rae1 Qd6 22. Bc4 Rxe1 23. Rxe1 Re8 24. Rxe8+ Bxe8 25. Ne2 Bg7 26. Nc3 Bf7 27. Na2 a5 28. Nc1 b6 29. Bxb4 axb4 30. Ne2 Kf8 31. h3 Qf6 32. a5 bxa5 33. Qa4 Qd6 34. Qxa5 Bxd5 35. Bxd5 Qxd5 36. b3 Kg8 37. Qa2 h6 38. Qc2 Kh7 39. Nc1 Qe4 40. Nd3 Bd4 41. Qc4 Kg7 42. Qa6 h5 43. Kh2 h4 44. Qd6 Qe3 0-1

[Event "HUN-chT2 Barcza 1213"]
[Site "Hungary"]
[Date "2013.03.03"]
[Round "8.2"]
[White "Ballai, Zsolt"]
[Black "Zambo, Zoltan"]
[Result "1/2-1/2"]
[WhiteElo "2281"]
[BlackElo "2389"]
[PlyCount "27"]
[EventDate "2012.09.16"]
[EventType "team-tourn"]
[EventRounds "11"]
[EventCountry "HUN"]
[SourceTitle "EXT 2014"]
[Source "ChessBase"]
[SourceDate "2013.11.20"]
[SourceVersion "1"]
[SourceVersionDate "2013.11.20"]
[SourceQuality "1"]
[WhiteTeam "Hajduboszormeny"]
[BlackTeam "Kazincbarcika"]
[WhiteTeamCountry "HUN"]
[BlackTeamCountry "HUN"]

1. d4 e6 2. c4 b6 3. a3 Nf6 4. Nc3 Bb7 5. Nf3 Be7 6. d5 d6 7. g3 c5 8. Bg2 exd5 9. cxd5 b5 10. 0-0 0-0 11. Nxb5 Bxd5 12. Re1 Bc6 13. Nc3 Re8 14. e4 1/2-1/2

[Event "HUN-chT2 Barcza 1213"]
[Site "Hungary"]
[Date "2013.02.17"]
[Round "7.2"]
[White "Ballai, Zsolt"]
[Black "Vanczak, Attila"]
[Result "1/2-1/2"]
[WhiteElo "2281"]
[BlackElo "2217"]
[PlyCount "25"]
[EventDate "2012.09.16"]
[EventType "team-tourn"]
[EventRounds "11"]
[EventCountry "HUN"]
[SourceTitle "EXT 2014"]
[Source "ChessBase"]
[SourceDate "2013.11.20"]
[SourceVersion "1"]
[SourceVersionDate "2013.11.20"]
[SourceQuality "1"]
[WhiteTeam "Hajduboszormeny"]
[BlackTeam "Miskolc Kisbocsok"]
[WhiteTeamCountry "HUN"]
[BlackTeamCountry "HUN"]

1. d4 Nf6 2. c4 e6 3. Nc3 Bb4 4. Nf3 c5 5. e3 d5 6. Bd3 0-0 7. 0-0 dxc4 8. Bxc4 cxd4 9. exd4 b6 10. a3 Bxc3 11. bxc3 Qc7 12. Qd3 Bb7 13. Ba2 1/2-1/2

[Event "HUN-chT2 Barcza 1112 "]
[Site "Hungary"]
[Date "2012.03.11"]
[Round "7"]
[White "Ballai, Zsolt"]
[Black "Bartha, Laszlo"]
[Result "0-1"]
[WhiteElo "2284"]
[BlackElo "2040"]
[PlyCount "62"]
[EventDate "2011.09.25"]
[EventType "team-tourn"]
[EventRounds "11"]
[EventCountry "HUN"]
[SourceTitle "EXT 2013"]
[Source "ChessBase"]
[SourceDate "2012.11.22"]
[SourceVersion "1"]
[SourceVersionDate "2012.11.22"]
[SourceQuality "1"]
[WhiteTeam "Hajduboszormeny"]
[BlackTeam "Tiszavasvar"]
[WhiteTeamCountry "HUN"]
[BlackTeamCountry "HUN"]

1. d4 Nf6 2. c4 e6 3. Nc3 d5 4. cxd5 exd5 5. Bg5 c6 6. e3 Be7 7. Bd3 Be6 8. Qc2 Nbd7 9. Nge2 h6 10. Bf4 0-0 11. h3 b5 12. 0-0 a6 13. Bh2 Nb6 14. a3 Rc8 15. Rac1 Nc4 16. Bxc4 bxc4 17. f4 Bd6 18. f5 Bxh2+ 19. Kxh2 Bd7 20. Rf3 Re8 21. g4 c5 22. Rd1 Bc6 23. Nf4 Qc7 24. Rg3 Rcd8 25. Qg2 Ne4 26. Nxe4 Rxe4 27. dxc5 d4 28. Qf2 Kh7 29. Rf1 dxe3 30. Rxe3 Rxf4 31. Qxf4 Rd2+ 0-1

[Event "HUN-chT2 Barcza 1011"]
[Site "Hungary"]
[Date "2011.04.17"]
[Round "9.2"]
[White "Merenyi, Gabor"]
[Black "Ballai, Zsolt"]
[Result "0-1"]
[WhiteElo "2018"]
[BlackElo "2303"]
[PlyCount "48"]
[EventDate "2010.09.12"]
[EventType "team-tourn"]
[EventRounds "11"]
[EventCountry "HUN"]
[SourceTitle "EXT 2012"]
[Source "ChessBase"]
[SourceDate "2011.11.24"]
[SourceVersion "1"]
[SourceVersionDate "2011.11.24"]
[SourceQuality "1"]
[WhiteTeam "Kazincbarcika"]
[BlackTeam "Hajduboszormeny"]
[WhiteTeamCountry "HUN"]
[BlackTeamCountry "HUN"]

1. e3 g6 2. f4 Bg7 3. Nf3 Nf6 4. b3 Ne4 5. d4 d5 6. Nfd2 Nf6 7. Be2 0-0 8. 0-0 c5 9. c3 Nc6 10. dxc5 Nd7 11. Ba3 a5 12. Nf3 Nf6 13. Nd4 Re8 14. Nd2 e5 15. Nxc6 bxc6 16. b4 Qe7 17. Rf2 Nd7 18. Bb2 exf4 19. exf4 axb4 20. Qb3 Nxc5 21. Qxb4 Qa7 22. Kf1 Na4 23. Rb1 Rb8 24. Qa3 Bf8 0-1

[Event "HUN-chT2 Barcza 1011"]
[Site "Hungary"]
[Date "2010.10.24"]
[Round "4.2"]
[White "Forgacs, Jozsef"]
[Black "Ballai, Zsolt"]
[Result "1/2-1/2"]
[WhiteElo "2246"]
[BlackElo "2303"]
[PlyCount "33"]
[EventDate "2010.09.12"]
[EventType "team-tourn"]
[EventRounds "11"]
[EventCountry "HUN"]
[SourceTitle "EXT 2012"]
[Source "ChessBase"]
[SourceDate "2011.11.24"]
[SourceVersion "1"]
[SourceVersionDate "2011.11.24"]
[SourceQuality "1"]
[WhiteTeam "Debrecen Betu"]
[BlackTeam "Hajduboszormeny"]
[WhiteTeamCountry "HUN"]
[BlackTeamCountry "HUN"]

1. d4 Nf6 2. c4 g6 3. Nc3 Bg7 4. e4 d6 5. Be2 0-0 6. Bg5 Na6 7. Qd2 e5 8. d5 c6 9. f3 cxd5 10. cxd5 Bd7 11. h4 Qb6 12. Be3 Qd8 13. Bg5 Qb6 14. Be3 Qd8 15. Bg5 Qb6 16. Be3 Qd8 17. Bg5 1/2-1/2

[Event "HUN-chT2 Barcza 1011"]
[Site "Hungary"]
[Date "2010.10.10"]
[Round "3.2"]
[White "Ballai, Zsolt"]
[Black "Debreceni, Mate"]
[Result "1-0"]
[WhiteElo "2303"]
[BlackElo "1875"]
[PlyCount "77"]
[EventDate "2010.09.12"]
[EventType "team-tourn"]
[EventRounds "11"]
[EventCountry "HUN"]
[SourceTitle "EXT 2012"]
[Source "ChessBase"]
[SourceDate "2011.11.24"]
[SourceVersion "1"]
[SourceVersionDate "2011.11.24"]
[SourceQuality "1"]
[WhiteTeam "Hajduboszormeny"]
[BlackTeam "Debrecen Sakkbaratok"]
[WhiteTeamCountry "HUN"]
[BlackTeamCountry "HUN"]

1. d4 Nf6 2. c4 g6 3. Nc3 d5 4. cxd5 Nxd5 5. e4 Nxc3 6. bxc3 Bg7 7. Nf3 c5 8. Rb1 0-0 9. Be2 Qc7 10. 0-0 Nc6 11. d5 Ne5 12. Ne1 h5 13. h3 c4 14. Ba3 Re8 15. f4 Nd3 16. Nxd3 cxd3 17. Qxd3 Qxc3 18. Qxc3 Bxc3 19. Bb5 Kf8 20. Bxe8 Kxe8 21. Bb2 Bd2 22. Bd4 b6 23. Rf2 Ba5 24. Rc2 Ba6 25. Rb3 Kd7 26. Kf2 h4 27. Kf3 Be1 28. Bf2 Bxf2 29. Kxf2 Rc8 30. Rxc8 Kxc8 31. Rc3+ Kd7 32. Ra3 Bc4 33. Rxa7+ Kd6 34. Ke3 e6 35. Rxf7 exd5 36. e5+ Kc5 37. Rc7+ Kb4 38. Kd4 Bxa2 39. e6 1-0

[Event "HUN-chT2 Maroczy 0910"]
[Site "Hungary"]
[Date "2010.04.11"]
[Round "9"]
[White "Toth, Sarolta"]
[Black "Ballai, Zsolt"]
[Result "1-0"]
[WhiteElo "2205"]
[BlackElo "2303"]
[PlyCount "55"]
[EventDate "2009.11.08"]
[EventType "team-tourn"]
[EventRounds "11"]
[EventCountry "HUN"]
[SourceTitle "EXT 2011"]
[Source "ChessBase"]
[SourceDate "2010.11.26"]
[SourceVersion "1"]
[SourceVersionDate "2010.11.26"]
[SourceQuality "1"]
[WhiteTeam "Oroshaza"]
[BlackTeam "Hajduboszormeny"]
[WhiteTeamCountry "HUN"]
[BlackTeamCountry "HUN"]

1. Nf3 Nf6 2. c4 g6 3. Nc3 Bg7 4. e4 d6 5. d4 0-0 6. Be3 Na6 7. h3 e5 8. dxe5 dxe5 9. c5 Qe7 10. Bxa6 bxa6 11. Qc2 c6 12. 0-0 Ne8 13. Nd2 f5 14. f3 f4 15. Bf2 g5 16. Nc4 Rf6 17. Rad1 h5 18. Nd6 Rg6 19. Qd3 g4 20. Nd5 cxd5 21. Qxd5+ Kh7 22. Qxa8 gxf3 23. Qxc8 Qg5 24. Bg3 f2+ 25. Rxf2 fxg3 26. Rf3 Nf6 27. Qf5 Qh4 28. c6 1-0

[Event "HUN-chT2 Maroczy 0910"]
[Site "Hungary"]
[Date "2010.02.14"]
[Round "6"]
[White "Ballai, Zsolt"]
[Black "Kovacs, Adrian"]
[Result "1/2-1/2"]
[WhiteElo "2303"]
[BlackElo "2269"]
[PlyCount "46"]
[EventDate "2009.11.08"]
[EventType "team-tourn"]
[EventRounds "11"]
[EventCountry "HUN"]
[SourceTitle "EXT 2011"]
[Source "ChessBase"]
[SourceDate "2010.11.26"]
[SourceVersion "1"]
[SourceVersionDate "2010.11.26"]
[SourceQuality "1"]
[WhiteTeam "Hajduboszormeny"]
[BlackTeam "TLSE"]
[WhiteTeamCountry "HUN"]
[BlackTeamCountry "HUN"]

1. d4 Nf6 2. c4 c5 3. d5 b5 4. a4 bxc4 5. Nc3 d6 6. e4 g6 7. Bxc4 Bg7 8. f4 0-0 9. Nf3 Ba6 10. Qe2 Bxc4 11. Qxc4 Nbd7 12. 0-0 Rb8 13. Qe2 Nb6 14. Rd1 Qc8 15. e5 Ne8 16. a5 Na8 17. Qf2 Rb4 18. h3 Nac7 19. Qh4 Qd7 20. Qe1 Bh6 21. Qh4 Bg7 22. Qe1 Bh6 23. Qh4 Bg7 1/2-1/2